Review of Integrative Business and Economics Research An Interdisciplinary Journal on Applied Business and Economics Research
Saved in:
| Format: | Serial |
|---|---|
| Language: | English |
| Published: |
Cheung Sha Wan
GMP Press & Printing
|
| Tags: |
No Tags, Be the first to tag this record!
|
MARC
| LEADER | 00000nls a2200000 4500 | ||
|---|---|---|---|
| 001 | 0252902 | ||
| 005 | 20250701092120.7 | ||
| 022 | |a 2304-1013 | ||
| 022 | |a 2414-6722 | ||
| 041 | 0 | |a eng | |
| 044 | |a HK | ||
| 245 | 1 | 0 | |a Review of Integrative Business and Economics Research |b An Interdisciplinary Journal on Applied Business and Economics Research |
| 264 | 1 | |a Cheung Sha Wan |b GMP Press & Printing | |